Els Partits Judicials a Catalunya 1982 : dades per a una futura remodelació / Carles Losada, Lluís Bellido dades per a una futura remodelació / Carles Losada, Lluís Bellido
Descripción Física:
175 p., 2 maps. pleg. ; 21 cm
Otros Autores:
Bellido i Ojeda, Lluís
MARC
| LEADER | 00000nam a2200000Ia 4500 | ||
|---|---|---|---|
| 001 | 1131 | ||
| 008 | 160829s1982 xx 000 0 cat d | ||
| 080 | |a M-3-287 | ||
| 100 | |a Losada, Carles |9 25092 | ||
| 245 | |a Els Partits Judicials a Catalunya 1982 : |b dades per a una futura remodelació / Carles Losada, Lluís Bellido | ||
| 260 | |a Barcelona : |b Generalitat de Catalunya, Departament de Justícia, |c 1982 | ||
| 300 | |a 175 p., 2 maps. pleg. ; |c 21 cm | ||
| 590 | |a Conté un mapa de la Divisió de Catalunya en Partits Judicials al 1982 i un altre de l'any 1834 | ||
| 650 | |a Justicia |x Administració |x Catalunya |x 1982 |9 25093 | ||
| 650 | |a Partits judicials |9 25094 | ||
| 651 | 0 | |a Catalunya |x Divisions administratives i polítiques |9 54246 | |
| 700 | |a Bellido i Ojeda, Lluís |9 25096 | ||
| 901 | |a Arxiu | ||
| 942 | |n 1 | ||
| 952 | |0 0 |1 0 |4 0 |6 M3287 |7 1 |9 43444 |a Arxiu |b Arxiu |d 2016-12-01 |l 0 |o M-3-287 |p 1131 |r 2016-12-01 00:00:00 |w 2016-12-01 |y ARXIU | ||
| 999 | |c 45990 |d 45990 | ||